MARC

LEADER 00000nam0a2200000 4500
001 31753
005 20231101210045.0
035 |a (RuTPU)RU\TPU\book\32045 
035 |a BOOK00000124 
090 |a 31753 
100 |a 20011210d1991 k y0rusy50 ca 
101 0 |a rus 
102 |a RU 
105 |a y z 100zy 
200 1 |a Применение люминесценции в геологии  |e Тезисы докладов совещания, Екатеринбург, декабрь 1991 г  |f Российская академия наук (РАН), Уральское отделение (УрО), Институт геологии и геохимии им. А. Н. Заварницкого (ИГГ) 
210 |a Екатеринбург  |c [Б. и.]  |d 1991 
215 |a 84 с. 
606 1 |a Минералы  |x Люминесценция  |2 stltpush  |3 (RuTPU)RU\TPU\subj\43998  |9 63394 
610 1 |a геология 
610 1 |a применение 
610 1 |a совещания 
610 1 |a Екатеринбург 
675 |a 549:53(063)  |v 3 
712 0 2 |a Российская академия наук (РАН)  |b Уральское отделение (УрО)  |b Институт геологии и геохимии им. А. Н. Заварницкого (ИГГ)  |c (Екатеринбург)  |2 stltpush  |3 (RuTPU)RU\TPU\col\15323 
712 1 2 |a Применение люминесценции в геологии  |b Совещание  |e Екатеринбург  |f 1991 
801 0 |a RU  |b 63413507  |c 20011210  |g PSBO 
801 2 |a RU  |b 63413507  |c 20170111  |g RCR 
942 |c BK